Score 0/34 Timer 08:00
0 Plays Today
% Correct
Mary Shelley
90.3%
Bram Stoker
88.3%
Ian Fleming
84.4%
Jane Austen
84.4%
Stephenie Meyer
81.3%
James Joyce
79.2%
Roald Dahl
78.9%
Stephen King
74.8%
Vladimir Nabokov
71.6%
Suzanne Collins
69.7%
Toni Morrison
61%
Daphne du Maurier
60.8%
Robert Louis Stevenson
60.7%
Judy Blume
57.4%
Rudyard Kipling
54.3%
Walter Scott
53.8%
Frank Herbert
53.7%
% Correct
Peter Benchley
50.4%
Elie Wiesel
48.8%
Ian McEwan
47.4%
Hermann Hesse
46.8%
James A. Michener
44.9%
Carl Sagan
44.4%
Louis Sachar
43.8%
Christopher Paolini
41.8%
James Clavell
41.1%
Leon Uris
39.3%
Michael Crichton
38.3%
E.L. Doctorow
35.8%
Neil Gaiman
35.1%
Sinclair Lewis
33.1%
Irvine Welsh
31.7%
Jeffrey Eugenides
29.6%
William Gibson
22.6%
Remove Ads.
Support Sporcle.
Get the best of Sporcle when you Go Orange. This ad-free experience offers more features, more stats, and more fun while also helping to support Sporcle. Thank you for becoming a member.

You're not logged in!

Compare scores with friends on all Sporcle quizzes.
OR
Log In

Show Comments

Extras

Top Quizzes Today


Score Distribution

Your Account Isn't Verified!

In order to create a playlist on Sporcle, you need to verify the email address you used during registration. Go to your Sporcle Settings to finish the process.

Report this User

Report this user for behavior that violates our Community Guidelines.

Details: